LEADER 01054nam a2200265 u 4500 001 000000009777 003 CaOOAMICUS 005 20070226105237.0 008 921201s1948 vc u000 u fre u 035 $a10244690 040 $aPUL(R)$bita 041 0 $afre$alat 100 1 $aLeclercq, Jean,$cO.S.B.,$d1911-1993.$0(OLS)http://pul/name/3420 245 10$aAnalecta monastica.$nPremière série /$cpar Jean Leclercq. 260 $aCittà del Vaticano :$bLibreria Vaticana,$c1948. 300 $a238 p. ;$c25 cm 490 1 $aStudia Anselmiana ;$v20 504 $aBibliografia in nota. 650 4$aMonachismo e ordini religiosi.$0(OLS)http://pul/subject/757 830 0$aStudia Anselmiana ;$v20.$0(OLS)http://pul/title/554 850 $aPUL 852 $aPUL$W1$xSL Religione 3$y85$m230. 05 COLL 2.20$j13879$nBK-PRI$qDDC 21$B13879$CPULBib$Z2$F13879 $82 941 1 $a9 996 $6245$aAnalecta monastica.$nPremière série$9(OLS)http://pul/title/14307 996 $6260$aCittà del Vaticano :$bLibreria Vaticana$9(OLS)http://pul/publisher/51280 LEADER 01540nam a2200361 a 4500 001 000000131649 003 CaOOAMICUS 005 20121126121619.0 008 121126s2006 it u000 u ita r 020 $a88-420-7787-9 040 $aPUL$bita 041 1 $aita$hfre 100 1 $aChartier, Roger,$d1945-$0(OLS)http://pul/name/22884 240 10$aInscrire et effacer.$lItaliano.$0(OLS)http://pul/title/166325 245 10$aInscrivere e cancellare :$bcultura scritta e letteratura dall'XI al XVIII secolo /$cRoger Chartier ; traduzione di Lorenzo Argentieri. 260 $aRoma ;$aBari :$bLaterza,$c2006. 300 $aXV, 252 p. ;$c22 cm 490 1 $aCollezione storica 500 $aIndici p. [139]-147. 504 $aBibliogr. in nota. 600 04$aOrigenes,$d184-253.$0(OLS)http://pul/subject/2177 650 4$aScrittura.$0(OLS)http://pul/subject/19368 700 1 $aArgentieri, Lorenzo.$0(OLS)http://pul/name/64189 830 0$aCollezione storica (Editori Laterza).$0(OLS)http://pul/title/118 850 $aPUL 852 $aPUL$W1$xDP1 Fondo E. Rossi$y115$m1 C 55$j33030$qFondi$B150873$CPULBib$Z2$F150873 $82 941 1 $a1 960 $aOrigene,$d184-253$92177 961 $aSul dorso collocazione ms. di E. Rossi: C 36 10 996 $6020$a88-420-7787-9$9(OLS)http://pul/number/151180 996 $6245$aInscrivere e cancellare :$bcultura scritta e letteratura dall'XI al XVIII secolo$9(OLS)http://pul/title/166326 996 $6260$aRoma ;$aBari :$bLaterza$9(OLS)http://pul/publisher/57682